000 00708nam a22002297a 4500
999 _c6673
_d6673
001 6673
003 BD-JhCC
005 20180403125413.0
008 180128b xxu||||| |||| 00| 0 eng d
035 _a(BD-JhCC)6673
040 _aBD-JhCC
_dBD-JhCC
041 _aeng
082 _a572.8
_bPAS 2000
100 _aপাশা, ড. মোস্তফা কামাল
245 _aআনবিক জীববিজ্ঞান /
_cড. মোস্তফা কামাল পাশা
260 _aঢাকা :
_bবাংলা একাডেমী,
_c2000.
300 _a344 p. :
_c21 cm.
650 _aMolecular Biology
650 _aMolecular genetics
942 _2ddc
_cBK